Form of agreement for inspection and certification of domestic structures (Record no. 90672)

MARC details
000 -LEADER
fixed length control field 01334cam a2200277 4500
001 - CONTROL NUMBER
control field ##B903
008 - FIXED-LENGTH DATA ELEMENTS--GENERAL INFORMATION
fixed length control field 1987
035 ## - SYSTEM CONTROL NUMBER
System control number (Sirsi) u38627
041 0# - LANGUAGE CODE
Language code of text/sound track or separate title eng
050 04 - LIBRARY OF CONGRESS CALL NUMBER
Classification number 690.2 $2 18
090 ## - LOCALLY ASSIGNED LC-TYPE CALL NUMBER (OCLC); LOCAL CALL NUMBER (RLIN)
Classification number (OCLC) (R) ; Classification number, CALL (RLIN) (NR) RICS 1987/9 ABC
110 2# - MAIN ENTRY--CORPORATE NAME
Corporate name or jurisdiction name as entry element Royal Institution of Chartered Surveyors
9 (RLIN) 4900
245 00 - TITLE STATEMENT
Title Form of agreement for inspection and certification of domestic structures
250 ## - EDITION STATEMENT
Edition statement Reprinted 1987
260 ## - PUBLICATION, DISTRIBUTION, ETC.
Place of publication, distribution, etc. London
Name of publisher, distributor, etc. Surveyors Publications
Date of publication, distribution, etc. 1984
300 ## - PHYSICAL DESCRIPTION
Extent 3p.
Dimensions 30cm.
350 ## - PRICE (NR) (BK AM CF MU VM SE) [OBSOLETE]
Price 1.50
490 #0 - SERIES STATEMENT
Series statement RICS Stationery
520 ## - SUMMARY, ETC.
Summary, etc. Accompanies "Guidance notes for the inspection and certification of domestic structures" (ISBN 0854062661). Supersedes 1984 edition (D15406).
520 ## - SUMMARY, ETC.
Summary, etc. Archived, no longer valid. Can be used where no NHBC registered builder is employed to certify on completion that the property is considered structurally sound and suitable for mortgage or other financial arrangement.
520 ## - SUMMARY, ETC.
Summary, etc. Home Survey Standard Terms of Engagement can be supplied as an alternative https://www.rics.org/profession-standards/rics-standards-and-guidance/sector-standards/building-surveying-standards/home-surveys/home-survey-standards
651 #4 - SUBJECT ADDED ENTRY--GEOGRAPHIC NAME
Geographic name England and Wales
Chronological subdivision 1543-
690 ## - LOCAL SUBJECT ADDED ENTRY--TOPICAL TERM (OCLC, RLIN)
Topical term or geographic name as entry element BUILT ENVIRONMENT-BUILDING INSPECTION
942 ## - ADDED ENTRY ELEMENTS (KOHA)
Suppress in OPAC 0
Source of classification or shelving scheme Dewey Decimal Classification
948 ## - LOCAL PROCESSING INFORMATION (OCLC); SERIES PART DESIGNATOR (RLIN)
c (OCLC) 04/03/1997
Holdings
Withdrawn status Lost status Source of classification or shelving scheme Damaged status Not for loan Home library Current library Shelving location Date acquired Cost, normal purchase price Total Checkouts Full call number Barcode Date last seen Copy number Cost, replacement price Price effective from Koha item type Date last checked out
    Dewey Decimal Classification     Historic collection Historic collection RICS Boxes 11/12/2012     RICS 1987/9 30077259 06/08/2019 1   06/08/2019 Archive  
    Dewey Decimal Classification     London London RICS Boxes 14/09/1999 1.50   RICS 1987/9 30031808 06/08/2019 2 1.50 06/08/2019 Reference material  
    Dewey Decimal Classification     London London RICS Boxes 14/09/1999 1.50 10 RICS 1987/9 30031814 06/08/2019 3 1.50 06/08/2019 Book 16/07/2009
    Dewey Decimal Classification     London London RICS Boxes 14/01/2000   9 RICS 1987/9 30060448 06/08/2019 4   06/08/2019 Book 04/03/2009